000 00540nam a2200181Ia 4500
999 _c65363
_d65363
003 GCL
005 20240530110821.0
008 140319s1961 ua a f 000 0 ara d
040 _aGCL /
_cGCL
082 0 4 _a791.43
_bم س
100 0 _aمحمد حلمى سليمان
245 1 2 _aالسينما والمجتمع /
_cمحمد حلمى سليمان
250 _aط.1
260 _aالقاهرة :
_bوزارة الثقافة ،
_c1961.
300 _a110 ص. :
_bايض. ؛
_c18 سم.
650 0 4 _aالسينما
942 _2ddc
_cBK